• Orlando Cian D., Milani P., Donati P., Cyrulnik B., Kellerhals J., Pourtois J-P., Desmet H.,

di Personal Name

Records bibliografici associati: 1

001 - CONTROL NUMBER

  • control field: 62811

003 - CONTROL NUMBER IDENTIFIER

  • control field:

005 - DATE AND TIME OF LATEST TRANSACTION

  • control field: 20251201144332.0

008 - FIXED-LENGTH DATA ELEMENTS

  • fixed length control field: 251201|| aca||aabn | a|a d

040 ## - CATALOGING SOURCE

  • Original cataloging agency:
  • Transcribing agency:

100 ## - HEADING--PERSONAL NAME

  • Personal name: Orlando Cian D., Milani P., Donati P., Cyrulnik B., Kellerhals J., Pourtois J-P., Desmet H.,
  • Personal name: Lahaye W., Vecchiato T., Mantovani S., Sheehan R., Sheehan H., Palacio-Quintin E.,
  • Personal name: Coderre R., Genovese A., Beckman P.J., Delens-Ravier I., Palacio-Quintin E., Beckman P.J.,
  • Personal name: Chatelanat G., Panchaud Mingrone I., Niggl Domenioz G., Pelchat D., Bouchard J.M.,
  • Personal name: Lefebvre H., Montandon C., Kalubi J.C., Corbillon M., Catarsi E:, Contini M.G.,
  • Personal name: Toffano Martini E., Nimal P., Bertrand E., Van Houten A., Antunes C., Fonataine A.M

670 ## - SOURCE DATA FOUND

  • Source citation: Work cat.: ()211988: Milani Paola (a cura di) 62810, Manuale di educazione familiare., 2001
CREDITS: SOCIETA' SAN PAOLO Via A.Severo, 58 - ROMA (RM) & PERIODICI SAN PAOLO SRL Via Giotto, 36 MILANO & CISF Via Giotto, 36 MILANO & EDIZIONI SAN PAOLO SRL,  Piazza Soncino, 5 CINISELLO BALSAMO (MI) -- ITALY